| 000 | 00472nam a2200205Ia 4500 | ||
|---|---|---|---|
| 008 | 170918s9999 xx 000 0 und d | ||
| 020 | _a439680239 | ||
| 050 | _bF247bi 2004 | ||
| 100 | _aFarshtey, Greg | ||
| 245 | _aMaze of shadows / | ||
| 245 | _cby Greg Farshtey. | ||
| 260 | _aUSA : | ||
| 260 | _bScholastic, | ||
| 260 | _c2004 | ||
| 300 | _a124 pages : | ||
| 300 | _billustrations ; | ||
| 300 | _c19cm. | ||
| 300 | _eBionicle adventures ; | ||
| 440 | _a6 | ||
| 999 |
_c343522 _d343522 |
||